Statistics for UK Railway Stations #1

Click here to take the quiz!

General Stats

  • This quiz has been taken 96 times
  • The average score is 8 of 15

Answer Stats

Answer% Correct
London King's Cross
87%
York
78%
Leeds
77%
London Paddington
77%
Manchester Piccadilly
75%
Bristol Temple Meads
69%
Edinburgh Waverley
62%
Crewe
53%
Penzance
51%
Cardiff Central
49%
Birmingham Moor Street
41%
Carlisle
33%
Leicester
30%
Chester
29%
Liverpool South Parkway
29%

Score Distribution

Percentile by Number Answered

Percent of People with Each Score

Your Score History

You have not taken this quiz